Διεθνής οικονομική ολοκλήρωση : όρια και προοπτικές

Αποθηκεύτηκε σε:
Λεπτομέρειες βιβλιογραφικής εγγραφής
Κύριος συγγραφέας: Jovanovic, Miroslav N. 1957-
Άλλοι συγγραφείς: Lipsey, Richard G. 1928- (Συγγραφέας εισαγωγής κ.λπ.), Πελαγίδης, Θεόδωρος Κ. (Επιμελητής έκδοσης), Αθανασίου, Θανάσης (Μεταφραστής)
Μορφή: Βιβλίο
Γλώσσα:Greek
English
Δημοσίευση: Αθήνα : Παπαζήσης, 2002.
Έκδοση:2η αγγλική έκδ.
Θέματα:
Ετικέτες: Προσθήκη ετικέτας
Δεν υπάρχουν, Καταχωρήστε ετικέτα πρώτοι!

MARC

LEADER 00000cam a2200000 a 4500
001 1/120442
008 191202s2002####gr | ||| |||| ||gre||
020 |a 9600215294 
040 |a GR-MyUa  |b gre  |c GR-MyUa  |e AACR2 
041 1 |a gre  |h eng 
082 7 |a 337.1   |2 (23) 
100 1 |a Jovanovic, Miroslav N.  |d 1957- 
245 1 0 |a Διεθνής οικονομική ολοκλήρωση :   |b όρια και προοπτικές /   |c Miroslav N. Jovanovic ; πρόλογος: Richard G. Lipsey ; επιστημονική επιμέλεια: Θεόδωρος Κ. Πελαγίδης ; μετάφραση: Θανάσης Αθανασίου.  
250 |a 2η αγγλική έκδ.  
260 |a Αθήνα :   |b Παπαζήσης,   |c 2002.  
300 |a 652 σ. :   |b διάγραμ., πίν. ;   |c 24 εκ.  
500 |a Τίτλος πρωτοτύπου: International economic integration: limits and prospects.  
500 |a Περιέχει συντομογραφίες, παραρτήματα και υποσημειώσεις.  
504 |a Βιβλιογραφία: σ. [633]-652.  
650 0 |a International economic integration. 
650 0 |a Economic policy. 
650 0 |a Economic policy  |x International cooperation. 
650 0 |a Economic development  |x International cooperation. 
700 1 |a Lipsey, Richard G.  |d 1928-  |e aui 
700 1 |a Πελαγίδης, Θεόδωρος Κ.  |e edt 
700 1 |a Αθανασίου, Θανάσης,  |e trl 
852 |a INST  |b RHODES  |e 20191202  |h 337.1 JOV  |p 005400041316  |q 005400041316  |t BK  |y 0 
920 |a Χατζήπαππα  |b Αικατερίνη  |y Ρόδος  |z 2019-12 
970 |a Μαρία  |b Κωτάκου  |z 02-12-2019